00672 a2200157 450000500170000002000150001708200120003210000190004424500400006326000530010330000320015694200130018899900150020195201490021695201490036520250629145611.0 a9976942079 a510 KIP aKIPUTIPUTI,O.M aStudy Notes On Business Mathematics aTanzaniabDar Es Salaam school of Commercec2004 aiv,120p.;ill, figurec20cm. 2ddccBKS c6415d6415 r2025-06-29 14:58:08l0o510 KIPpMZA0002858v60000.00w2007-06-29yBKS102ddc407000a003b003cSPECIALd2007-06-29eLibrary Budgetg20000.00 r2025-06-29 14:58:08l0o510 KIPpMZA0002859v60000.00w2007-06-29yBKS102ddc407000a003b003cSPECIALd2007-06-29eLibrary Budgetg20000.00